<?xml version="1.0" encoding="UTF-8"?>
<record
    xmlns:xsi="http://www.w3.org/2001/XMLSchema-instance"
    xsi:schemaLocation="http://www.loc.gov/MARC21/slim http://www.loc.gov/standards/marcxml/schema/MARC21slim.xsd"
    xmlns="http://www.loc.gov/MARC21/slim">

  <leader>01434nam a2200289Ia 4500</leader>
  <datafield tag="999" ind1=" " ind2=" ">
    <subfield code="c">37616</subfield>
    <subfield code="d">37616</subfield>
  </datafield>
  <controlfield tag="001">3588</controlfield>
  <controlfield tag="003">GE_BSU</controlfield>
  <controlfield tag="005">20190627152123.0</controlfield>
  <controlfield tag="008">181216s2007||||ge |||||||||||||| ||geo||</controlfield>
  <datafield tag="040" ind1=" " ind2=" ">
    <subfield code="c">GE_BSU</subfield>
  </datafield>
  <datafield tag="041" ind1=" " ind2=" ">
    <subfield code="a">geo</subfield>
  </datafield>
  <datafield tag="080" ind1=" " ind2=" ">
    <subfield code="a">336.7 &#x10E5;&#x2013;31</subfield>
  </datafield>
  <datafield tag="245" ind1=" " ind2=" ">
    <subfield code="a">&#x10E5;&#x10D0;&#x10E6;&#x10D0;&#x10DA;&#x10D3;&#x10D8;&#x10E1; &#x10E4;&#x10E3;&#x10DA;&#x10D8; &#x10E1;&#x10D0;&#x10E5;&#x10D0;&#x10E0;&#x10D7;&#x10D5;&#x10D4;&#x10DA;&#x10DD;&#x10E8;&#x10D8; /</subfield>
    <subfield code="c">&#x10E1;&#x10D0;&#x10E5;. &#x10D4;&#x10E0;&#x10DD;&#x10D5;&#x10DC;. &#x10D1;&#x10D0;&#x10DC;&#x10D9;&#x10D8; ; &#x10DE;&#x10E0;&#x10DD;&#x10D4;&#x10E5;&#x10E2;&#x10D8;&#x10E1; &#x10D0;&#x10D5;&#x10E2;. &#x10E0;&#x10DD;&#x10DB;&#x10D0;&#x10DC; &#x10D2;&#x10DD;&#x10EA;&#x10D8;&#x10E0;&#x10D8;&#x10EB;&#x10D4; ; &#x10E1;&#x10D0;&#x10E0;&#x10D4;&#x10D3;. &#x10EF;&#x10D2;.: &#x10D2;&#x10D8;&#x10DD;&#x10E0;&#x10D2;&#x10D8; &#x10D9;&#x10D0;&#x10DA;&#x10D0;&#x10DC;&#x10D3;&#x10D0;&#x10EB;&#x10D4; &#x10D3;&#x10D0; &#x10E1;&#x10EE;&#x10D5;.</subfield>
  </datafield>
  <datafield tag="264" ind1=" " ind2=" ">
    <subfield code="a">&#x10D7;&#x10D1;&#x10D8;&#x10DA;&#x10D8;&#x10E1;&#x10D8;,</subfield>
    <subfield code="c">2007. </subfield>
  </datafield>
  <datafield tag="300" ind1=" " ind2=" ">
    <subfield code="a">38 &#x10D2;&#x10D5;. :</subfield>
    <subfield code="b">&#x10D8;&#x10DA;. ; </subfield>
    <subfield code="c">15 &#x10E1;&#x10DB;.</subfield>
  </datafield>
  <datafield tag="504" ind1=" " ind2=" ">
    <subfield code="a">&#x10D1;&#x10D8;&#x10D1;&#x10DA;&#x10D8;&#x10DD;&#x10D2;&#x10E0;.: &#x10D2;&#x10D5;. 38</subfield>
  </datafield>
  <datafield tag="653" ind1=" " ind2=" ">
    <subfield code="a">&#x10E5;&#x10D0;&#x10E6;&#x10D0;&#x10DA;&#x10D3;&#x10D8;&#x10E1; &#x10E4;&#x10E3;&#x10DA;&#x10D8; &#x10E1;&#x10D0;&#x10E5;&#x10D0;&#x10E0;&#x10D7;&#x10D5;&#x10D4;&#x10DA;&#x10DD;&#x10E8;&#x10D8;</subfield>
  </datafield>
  <datafield tag="653" ind1=" " ind2=" ">
    <subfield code="a">&#x10D4;&#x10D9;&#x10DD;&#x10DC;&#x10DD;&#x10DB;&#x10D8;&#x10D9;&#x10D0;</subfield>
  </datafield>
  <datafield tag="700" ind1=" " ind2=" ">
    <subfield code="a">&#x10D2;&#x10DD;&#x10EA;&#x10D8;&#x10E0;&#x10D8;&#x10EB;&#x10D4;, &#x10E0;.</subfield>
    <subfield code="e">&#x10DE;&#x10E0;&#x10DD;&#x10D4;&#x10E5;&#x10E2;&#x10D8;&#x10E1; &#x10D0;&#x10D5;&#x10E2;&#x10DD;&#x10E0;&#x10D8;</subfield>
    <subfield code="9">2990</subfield>
  </datafield>
  <datafield tag="700" ind1=" " ind2=" ">
    <subfield code="a">&#x10D9;&#x10D0;&#x10DA;&#x10D0;&#x10DC;&#x10D3;&#x10D0;&#x10EB;&#x10D4;, &#x10D2;. </subfield>
    <subfield code="e">&#x10E0;&#x10D4;&#x10D3;&#x10D0;&#x10E5;&#x10E2;&#x10DD;&#x10E0;&#x10D8;</subfield>
    <subfield code="9">2991</subfield>
  </datafield>
  <datafield tag="700" ind1=" " ind2=" ">
    <subfield code="a">&#x10D4;&#x10E0;&#x10D8;&#x10E1;&#x10D7;&#x10D0;&#x10D5;&#x10D8;, &#x10D0;.</subfield>
    <subfield code="e">&#x10D7;&#x10D1;&#x10D8;&#x10DA;&#x10D8;&#x10E1;&#x10D8;</subfield>
    <subfield code="9">2992</subfield>
  </datafield>
  <datafield tag="700" ind1=" " ind2=" ">
    <subfield code="a">&#x10D3;&#x10DD;&#x10DA;&#x10D4;&#x10DC;&#x10EF;&#x10D0;&#x10E8;&#x10D5;&#x10D8;&#x10DA;&#x10D8;, &#x10DB;.</subfield>
    <subfield code="e">&#x10D7;&#x10D1;&#x10D8;&#x10DA;&#x10D8;&#x10E1;&#x10D8;</subfield>
    <subfield code="9">2993</subfield>
  </datafield>
  <datafield tag="700" ind1=" " ind2=" ">
    <subfield code="a">&#x10EC;&#x10D8;&#x10D9;&#x10DA;&#x10D0;&#x10E3;&#x10E0;&#x10D8;, &#x10DC;. </subfield>
    <subfield code="e">&#x10D7;&#x10D1;&#x10D8;&#x10DA;&#x10D8;&#x10E1;&#x10D8;</subfield>
    <subfield code="9">2994</subfield>
  </datafield>
  <datafield tag="700" ind1=" " ind2=" ">
    <subfield code="a">&#x10D1;&#x10D0;&#x10DC;&#x10EA;&#x10E3;&#x10E0;&#x10D8;, &#x10DB;.</subfield>
    <subfield code="e">&#x10D7;&#x10D1;&#x10D8;&#x10DA;&#x10D8;&#x10E1;&#x10D8;</subfield>
    <subfield code="9">2995</subfield>
  </datafield>
  <datafield tag="710" ind1=" " ind2=" ">
    <subfield code="a">&#x10E1;&#x10D0;&#x10E5;. &#x10D4;&#x10E0;&#x10DD;&#x10D5;&#x10DC;. &#x10D1;&#x10D0;&#x10DC;&#x10D9;&#x10D8;</subfield>
    <subfield code="9">2996</subfield>
  </datafield>
  <datafield tag="942" ind1=" " ind2=" ">
    <subfield code="c">BK</subfield>
    <subfield code="2">udc</subfield>
  </datafield>
  <datafield tag="952" ind1=" " ind2=" ">
    <subfield code="0">0</subfield>
    <subfield code="1">0</subfield>
    <subfield code="2">udc</subfield>
    <subfield code="4">0</subfield>
    <subfield code="6">3367_&#x10E5;31</subfield>
    <subfield code="7">0</subfield>
    <subfield code="9">37985</subfield>
    <subfield code="a">CPL</subfield>
    <subfield code="b">CPL</subfield>
    <subfield code="c">GEN</subfield>
    <subfield code="d">2018-12-17</subfield>
    <subfield code="o">336.7 &#x10E5;&#x2013;31</subfield>
    <subfield code="p">5246</subfield>
    <subfield code="r">2018-12-17</subfield>
    <subfield code="t">5246</subfield>
    <subfield code="w">2018-12-17</subfield>
    <subfield code="y">BK</subfield>
    <subfield code="z"> </subfield>
  </datafield>
</record>
